00633 2200193 4500001002100000005001700021008004100038020002200079035002900101090001800130100003000148245010900178250001000287260003600297300002800333500001500361650001900376990004400395INLIS00000000002184620140205143755.0  a978-979-1814-75-9 a##a0010-021400000000115 aR 297.2 Muh s aMuhammad Fu'ad Abdul Baqi aShahih Bukhari MuslimbKumpulan Hadist Tersahih yang Diriwayatkan oleh Imam Bukhari dan Muslim Sekaligus aCet 1 aYogjakartabHikam Pustakac2013 axxii + 854 hlm ;26,5 cm aHard Cover aKumpulan Hadis a29670/Pusdacil/2014,29671/Pusdacil/2014